000 00495nam a2200169 i 4500
001 72153
003 ES-MaACL
005 20230906171334.0
007 t|
008 040826s1924 sp ||||1| spa d
100 1 _aGili Gaya, Samuel.
_956938
245 1 0 _aElementos fónicos que influyen en la entonación castellana /
_cpor Samuel Gili Gaya.
260 _aMadrid :
_bSucesores de Hernando,
_c1924.
300 _a30 p. ;
_c25 cm.
502 _aTesis doctoral.
852 _aES-MaACL
_j1719-F-15
999 _c72153
_d72153